Friesische Inseln - mit Karte - Statistiken

Allgemein
  • Dieses Quiz wurde 365 mal gespielt
    324 seit der letzten Aktualisierung
  • Das Durchschnittsergebnis liegt bei 14 aus 28
Antworten auf der Karte
Die Antworten werden auf der Karte rot bzw. grün angezeigt, abhängig davon wie oft sie richtig erraten wurden.
 
Antwortstatistiken
Hinweis Antwort Größe in km² % Korrekt
Nordfriesische Inseln Sylt 99,14
94%
Ostfriesische Inseln Borkum 30,97
84%
Ostfriesische Inseln Langeoog 19,67
83%
Ostfriesische Inseln Norderney 26,29
78%
Ostfriesische Inseln Juist 16,43
77%
Ostfriesische Inseln Spiekeroog 18,25
77%
Nordfriesische Inseln Amrum 20,46
75%
Friesische Hochseeinsel Helgoland 4,2
72%
Ostfriesische Inseln Wangerooge 7,94
72%
Nordfriesische Inseln Föhr 82,82
71%
Ostfriesische Inseln Baltrum 6,5
66%
Nordfriesische Inseln Pellworm 37,4
53%
Westfriesische Inseln Texel 161,96
50%
Nordfriesische Inseln Hooge 5,78
48%
Elbmündung Neuwerk 3,3
39%
Nordfriesische Inseln Langeneß 9,56
38%
Westfriesische Inseln Ameland 57,57
37%
Westfriesische Inseln Schiermonnikoog 39,94
32%
Westfriesische Inseln Terschelling 88,10
32%
Nordfriesische Inseln Rømø 128,86
29%
Westfriesische Inseln Vlieland 40,26
26%
Nordfriesische Inseln Gröde 2,52
24%
Nordfriesische Inseln Süderoog 0,62
23%
Nordfriesische Inseln Oland 2,01
22%
Nordfriesische Inseln Nordstrandischmoor 1,9
21%
Nordfriesische Inseln Fanø 55,78
15%
Nordfriesische Inseln Südfall 0,56
15%
Nordfriesische Inseln Mandø 7,63
13%
Keine übereinstimmenden Quizze gefunden
Verteilung der Resultate
Anzahl Personen mit jedem Resultat
Perzentil nach korrekt beantworteten Fragen
Ihre Resultats-Entwicklung
Sie haben dieses Quiz seit der letzten Aktualisierung nicht gespielt